| 000 | 01644nam a2200241Ia 4500 | ||
|---|---|---|---|
| 999 |
_c50908 _d50908 |
||
| 001 | 17863 | ||
| 003 | GE_BSU | ||
| 005 | 20230425103759.0 | ||
| 008 | 181216s2014ge xx |||||||||||||| ||geo|| | ||
| 040 | _cGE_BSU | ||
| 041 | _ageo | ||
| 080 | _a81(058)+82+39+94(058) წ-35 | ||
| 245 |
_aწელიწდეული VI : _bეძღვნება ქართველთა და ებრაელთა ურთიერთობის 26-საუკუნოვან ისტორიას : Dedicated to the 26Century-old History of the Relations of the Georgian and Jewish Peoples / _cმთ.რედ. ტ. ფუტკარაძე ; მთარგმნ. ნ.უგულავა. |
||
| 264 |
_aქუთაისი : _bსაგამომც.ცენტრი "ქუთაისი', _c2014. |
||
| 300 |
_a403 გვ. : _c2 4სმ. |
||
| 653 | _aეძღვნება ქართველთა და ებრაელთა ურთიერთობის 26-საუკუნოვან ისტორიას | ||
| 653 | _aსაერთაშორისო კონფერენციაზე წაკითხული მოხსენებები | ||
| 653 | _aწელიწდეული | ||
| 700 |
_aფუტკარაძე, ტ _eმთავარი რედაქტორი _97500 |
||
| 700 |
_aუგულავა, ნ _eმთარგმნელი _97501 |
||
| 710 |
_aქუთაისის ილია ჭავჭავაძის სახელობის სამეცნიერო ბიბლიოთეკა _97502 |
||
| 942 |
_cBK _2udc |
||